| 000 | 00553nam a2200181 u 4500 | ||
|---|---|---|---|
| 005 | 20210223131318.0 | ||
| 008 | 100616s2008 r 000 0 eng d | ||
| 020 | _a9788477026006 | ||
| 035 | _aUPN01000176613 | ||
| 049 | _aCG | ||
| 050 | 4 |
_aPN6153 _bC6.6 |
|
| 245 | 0 | 0 |
_aCon la risa en los huesos : _blos mejores cuentos de humor aparecidos en Valdemar / _ccomp. Oscar Sacristán. |
| 260 |
_aMadrid : _bValdemar, _c2008. |
||
| 300 |
_a352 p. : _bil. |
||
| 650 | 4 |
_aCUENTOS HUMORISTICOS _911283 |
|
| 700 | 1 |
_aSacristán, Oscar, _ecomp. |
|
| 905 | _aLibro | ||
| 999 |
_c148716 _d148716 |
||